Normal view
MARC view
- Wells,William / Moriarty,Sandra / Burnett,John
Entry Personal Name
001 - CONTROL NUMBER
- control field: 1704
003 - CONTROL NUMBER IDENTIFIER
- control field: JO-AjAnu
005 - DATE AND TIME OF LATEST TRANSACTION
- control field: 20230606070601.0
008 - FIXED-LENGTH DATA ELEMENTS
- fixed length control field: 230606|| aca||aabn | a|a d
040 ## - CATALOGING SOURCE
- Original cataloging agency: JO-AjAnu
- Transcribing agency: JO-AjAnu
100 ## - HEADING--PERSONAL NAME
- Personal name: Wells,William / Moriarty,Sandra / Burnett,John
670 ## - SOURCE DATA FOUND
- Source citation: Work cat.: (JO-AjAnu)900: Wells,William / Moriarty,Sandra / Burnett,John, author, Advertising: Principles & Practice